<?xml version="1.0" encoding="UTF-8"?>
<record
    xmlns:xsi="http://www.w3.org/2001/XMLSchema-instance"
    xsi:schemaLocation="http://www.loc.gov/MARC21/slim http://www.loc.gov/standards/marcxml/schema/MARC21slim.xsd"
    xmlns="http://www.loc.gov/MARC21/slim">

  <leader>01823nas1a22003491i 4500</leader>
  <controlfield tag="001">RU\NLR\INFOCOMM18\5000237575</controlfield>
  <controlfield tag="005">20260407095926.0</controlfield>
  <datafield tag="035" ind1=" " ind2=" ">
    <subfield code="a">(NLR Aleph) 002845419</subfield>
  </datafield>
  <datafield tag="090" ind1=" " ind2=" ">
    <subfield code="a">2968741</subfield>
    <subfield code="c">2968741</subfield>
  </datafield>
  <datafield tag="100" ind1=" " ind2=" ">
    <subfield code="a">20050312c1981    |||y0rusy50      ca</subfield>
  </datafield>
  <datafield tag="101" ind1="0" ind2=" ">
    <subfield code="a">rus</subfield>
  </datafield>
  <datafield tag="102" ind1=" " ind2=" ">
    <subfield code="a">RU</subfield>
  </datafield>
  <datafield tag="110" ind1=" " ind2=" ">
    <subfield code="a">ayuzz  0|y|</subfield>
  </datafield>
  <datafield tag="200" ind1="1" ind2=" ">
    <subfield code="a">&#x42D;&#x43A;&#x441;&#x43F;&#x440;&#x435;&#x441;&#x441;-&#x438;&#x43D;&#x444;&#x43E;&#x440;&#x43C;&#x430;&#x446;&#x438;&#x44F; &#x43F;&#x43E; &#x43C;&#x430;&#x442;&#x435;&#x440;&#x438;&#x430;&#x43B;&#x430;&#x43C; &#x437;&#x430;&#x440;&#x443;&#x431;&#x435;&#x436;&#x43D;&#x43E;&#x439; &#x43F;&#x435;&#x447;&#x430;&#x442;&#x438;</subfield>
    <subfield code="i">&#x421;&#x435;&#x440;&#x438;&#x44F; "&#x410;&#x432;&#x438;&#x430;&#x446;&#x438;&#x43E;&#x43D;&#x43D;&#x430;&#x44F; &#x442;&#x435;&#x445;&#x43D;&#x43E;&#x43B;&#x43E;&#x433;&#x438;&#x44F;"</subfield>
    <subfield code="f">&#x41D;&#x418;&#x418; &#x430;&#x432;&#x438;&#x430;&#x446;. &#x442;&#x435;&#x445;&#x43D;&#x43E;&#x43B;&#x43E;&#x433;&#x438;&#x438; &#x438; &#x43E;&#x440;&#x433;. &#x43F;&#x440;-&#x432;&#x430;</subfield>
  </datafield>
  <datafield tag="210" ind1=" " ind2=" ">
    <subfield code="a">&#x41C;.</subfield>
    <subfield code="d">1981-</subfield>
  </datafield>
  <datafield tag="430" ind1=" " ind2="0">
    <subfield code="1">2001#$a&#x42D;&#x43A;&#x441;&#x43F;&#x440;&#x435;&#x441;&#x441;-&#x438;&#x43D;&#x444;&#x43E;&#x440;&#x43C;&#x430;&#x446;&#x438;&#x44F;$e&#x42D;&#x418;</subfield>
    <subfield code="1">531##$a&#x42D;&#x418;</subfield>
    <subfield code="t">&#x42D;&#x43A;&#x441;&#x43F;&#x440;&#x435;&#x441;&#x441;-&#x438;&#x43D;&#x444;&#x43E;&#x440;&#x43C;&#x430;&#x446;&#x438;&#x44F;</subfield>
  </datafield>
  <datafield tag="710" ind1="0" ind2="2">
    <subfield code="a">&#x41D;&#x418;&#x418; &#x430;&#x432;&#x438;&#x430;&#x446;&#x438;&#x43E;&#x43D;&#x43D;&#x43E;&#x439; &#x442;&#x435;&#x445;&#x43D;&#x43E;&#x43B;&#x43E;&#x433;&#x438;&#x438; &#x438; &#x43E;&#x440;&#x433;&#x430;&#x43D;&#x438;&#x437;&#x430;&#x446;&#x438;&#x438; &#x43F;&#x440;&#x43E;&#x438;&#x437;&#x432;&#x43E;&#x434;&#x441;&#x442;&#x432;&#x430;</subfield>
    <subfield code="c">&#x41C;&#x43E;&#x441;&#x43A;&#x432;&#x430;</subfield>
    <subfield code="3">RU\NLR\AUTH\889925721</subfield>
    <subfield code="9">347252</subfield>
  </datafield>
  <datafield tag="801" ind1=" " ind2="1">
    <subfield code="a">RU</subfield>
    <subfield code="b">InfoComm</subfield>
    <subfield code="c">20050312</subfield>
  </datafield>
  <datafield tag="801" ind1=" " ind2="0">
    <subfield code="a">RU</subfield>
    <subfield code="b">NLR</subfield>
    <subfield code="g">PSBO</subfield>
  </datafield>
  <datafield tag="852" ind1=" " ind2=" ">
    <subfield code="a">NLR</subfield>
    <subfield code="j">&#x41F;49/1720</subfield>
  </datafield>
  <datafield tag="942" ind1=" " ind2=" ">
    <subfield code="c">JOURNAL</subfield>
  </datafield>
  <datafield tag="980" ind1=" " ind2=" ">
    <subfield code="a">RUSPER</subfield>
  </datafield>
</record>
